[Event "2. Open Sant Adria de Besos 2018 - B"]
[Site "Sant Adria de Besos ESP"]
[Date "2018.08.10"]
[Round "1.4"]
[White "Romero Funieles, Rafael"]
[Black "Delgado Prada, Yeray"]
[Result "0-1"]
[WhiteElo "1642"]
[BlackElo "1867"]
[PlyCount "81"]
[EventDate "2018.08.10"]
[EventType "swiss"]
[EventRounds "9"]
[EventCountry "ESP"]
[SourceTitle "Ajedrez en Madrid"]
[Source "lmi"]
[SourceDate "2018.08.10"]
[SourceVersion "1"]
[SourceVersionDate "2019.07.09"]
[SourceQuality "1"]

1. e4 e6 2. Nf3 d5 3. exd5 exd5 4. Be2 Bd6 5. d4 Ne7 6. c3 Nbc6 7. Nbd2 O-O 8.
O-O Bf5 9. Nh4 Bd7 10. Bd3 Ng6 11. Nxg6 fxg6 12. h3 Qc8 13. h4 Bf5 14. Bxf5
Qxf5 15. Nf3 Rae8 16. Be3 Re4 17. Qc2 Qg4 18. Qd1 Ne7 19. Bg5 h6 20. Bxe7 Rxe7
21. Qd3 c6 22. Rae1 Ref7 23. Ne5 Bxe5 24. dxe5 Qxh4 25. Qxg6 Rxf2 26. e6 Rxf1+
27. Rxf1 Rxf1+ 28. Kxf1 Qf6+ 29. Qxf6 gxf6 30. Ke2 Kf8 31. Kf3 Ke7 32. Kg4 Kxe6
33. Kh5 c5 34. Kg4 Ke5 35. Kf3 f5 36. a4 f4 37. a5 b5 38. a6 b4 39. cxb4 cxb4
40. b3 h5 41. Ke2 0-1

[Event "2. Open Sant Adria de Besos 2018 - B"]
[Site "Sant Adria de Besos ESP"]
[Date "2018.08.10"]
[Round "1.5"]
[White "Low, Ethan"]
[Black "Guerra Blanco, Antonio"]
[Result "1-0"]
[WhiteElo "1858"]
[BlackElo "1628"]
[PlyCount "49"]
[EventDate "2018.08.10"]
[EventType "swiss"]
[EventRounds "9"]
[EventCountry "ESP"]
[SourceTitle "Ajedrez en Madrid"]
[Source "lmi"]
[SourceDate "2018.08.10"]
[SourceVersion "1"]
[SourceVersionDate "2019.07.09"]
[SourceQuality "1"]

1. e4 e5 2. Nf3 Nc6 3. Bb5 Nge7 4. c3 a6 5. Ba4 d6 6. h3 b5 7. Bc2 Ng6 8. d4
Be7 9. O-O O-O 10. Be3 Kh8 11. d5 Nb8 12. b3 f5 13. exf5 Bxf5 14. Bxf5 Rxf5 15.
Qd3 Qf8 16. Nbd2 Nd7 17. c4 b4 18. a3 Nc5 19. Bxc5 dxc5 20. axb4 cxb4 21. Ra5
Nh4 22. Rfa1 Nxf3+ 23. Nxf3 Rf6 24. Ng5 Rxf2 25. Qxh7# 1-0

[Event "2. Open Sant Adria de Besos 2018 - B"]
[Site "Sant Adria de Besos ESP"]
[Date "2018.08.10"]
[Round "1.7"]
[White "Arroyo Vega, Valenti"]
[Black "Simo Xifreu, Leandre"]
[Result "1-0"]
[WhiteElo "1845"]
[BlackElo "1557"]
[PlyCount "59"]
[EventDate "2018.08.10"]
[EventType "swiss"]
[EventRounds "9"]
[EventCountry "ESP"]
[SourceTitle "Ajedrez en Madrid"]
[Source "lmi"]
[SourceDate "2018.08.10"]
[SourceVersion "1"]
[SourceVersionDate "2019.07.09"]
[SourceQuality "1"]

1. d4 d5 2. Bf4 Bf5 3. e3 e6 4. Nf3 Nc6 5. c3 Bxb1 6. Rxb1 a6 7. Bd3 Nf6 8. O-O
Bd6 9. Ne5 Ne7 10. a4 c5 11. Qf3 c4 12. Bc2 Ng6 13. Bg3 O-O 14. Qe2 Nd7 15.
Nxg6 Bxg3 16. Nxf8 Bxh2+ 17. Kxh2 Qh4+ 18. Kg1 Rxf8 19. Qf3 Nf6 20. Qh3 Qxh3
21. gxh3 g6 22. Rfe1 Nd7 23. e4 f5 24. exd5 exd5 25. Re7 Nf6 26. Rbe1 Ne4 27.
Bxe4 fxe4 28. Rxb7 Rf6 29. Rd7 Rf5 30. Re3 1-0

[Event "2. Open Sant Adria de Besos 2018 - B"]
[Site "Sant Adria de Besos ESP"]
[Date "2018.08.10"]
[Round "1.9"]
[White "Terrones Hernandez, Jonathan"]
[Black "Martin Sanchez, Antoni"]
[Result "1-0"]
[WhiteElo "1841"]
[BlackElo "1535"]
[PlyCount "61"]
[EventDate "2018.08.10"]
[EventType "swiss"]
[EventRounds "9"]
[EventCountry "ESP"]
[SourceTitle "Ajedrez en Madrid"]
[Source "lmi"]
[SourceDate "2018.08.10"]
[SourceVersion "1"]
[SourceVersionDate "2019.07.09"]
[SourceQuality "1"]

1. d4 Nf6 2. Nf3 e6 3. e3 d5 4. Bd3 c5 5. b3 Nc6 6. Bb2 Be7 7. O-O O-O 8. a3
Bd7 9. Nbd2 Rc8 10. Ne5 Qc7 11. f4 cxd4 12. exd4 Qb6 13. Ndf3 Be8 14. Qe2 Nd7
15. Kh1 Bf6 16. Rad1 g6 17. Nxc6 Qxc6 18. Ne5 Qd6 19. Rf3 Kg7 20. Rh3 Rh8 21.
Rf1 Nf8 22. g4 a6 23. g5 Be7 24. Qg4 Qb6 25. Qh4 Qd8 26. Qh6+ Kg8 27. Ng4 Nd7
28. c4 dxc4 29. Bxc4 Nb6 30. d5 Nxc4 31. Qg7# 1-0

[Event "2. Open Sant Adria de Besos 2018 - B"]
[Site "Sant Adria de Besos ESP"]
[Date "2018.08.11"]
[Round "2.1"]
[White "Palomares Fite, Jordi"]
[Black "Rocher Gonzalez, Vicenc"]
[Result "1-0"]
[WhiteElo "1882"]
[BlackElo "1809"]
[PlyCount "31"]
[EventDate "2018.08.10"]
[EventType "swiss"]
[EventRounds "9"]
[EventCountry "ESP"]
[SourceTitle "Ajedrez en Madrid"]
[Source "lmi"]
[SourceDate "2018.08.10"]
[SourceVersion "1"]
[SourceVersionDate "2019.07.09"]
[SourceQuality "1"]

1. d3 d5 2. Nd2 Nf6 3. Ngf3 Nc6 4. g3 e5 5. e4 Bg4 6. h3 dxe4 7. dxe4 Bh5 8.
Bg2 Bc5 9. O-O Qe7 10. c3 b5 11. Qe2 b4 12. Qb5 Kd7 13. Nb3 Bd6 14. Na5 Rhb8
15. Qxc6+ Kc8 16. Qa6+ 1-0

[Event "2. Open Sant Adria de Besos 2018 - B"]
[Site "Sant Adria de Besos ESP"]
[Date "2018.08.11"]
[Round "2.2"]
[White "Poyato Duran, David"]
[Black "Hill Guell, Pau"]
[Result "0-1"]
[WhiteElo "1799"]
[BlackElo "1868"]
[PlyCount "56"]
[EventDate "2018.08.10"]
[EventType "swiss"]
[EventRounds "9"]
[EventCountry "ESP"]
[SourceTitle "Ajedrez en Madrid"]
[Source "lmi"]
[SourceDate "2018.08.10"]
[SourceVersion "1"]
[SourceVersionDate "2019.07.09"]
[SourceQuality "1"]

1. d4 Nf6 2. c4 g6 3. Nc3 Bg7 4. e4 d6 5. Nf3 O-O 6. Be2 Nbd7 7. O-O e5 8. dxe5
Nxe5 9. Nxe5 dxe5 10. Bg5 c6 11. Qc2 Qc7 12. Rad1 Be6 13. Rd2 Rfd8 14. Rfd1 Rd7
15. Rxd7 Nxd7 16. Qd2 Nf8 17. Bd8 Qd7 18. Qg5 Qe8 19. Bf6 h6 20. Qxe5 Nd7 21.
Rxd7 Bxf6 22. Qxf6 Qxd7 23. h4 Qd2 24. f4 Rd8 25. e5 Qe3+ 26. Kh2 Rd4 27. f5
Bxf5 28. h5 Qf2 0-1

[Event "2. Open Sant Adria de Besos 2018 - B"]
[Site "Sant Adria de Besos ESP"]
[Date "2018.08.11"]
[Round "2.3"]
[White "Delgado Prada, Yeray"]
[Black "Peiron Lluch, Jose Daniel"]
[Result "1-0"]
[WhiteElo "1867"]
[BlackElo "1805"]
[PlyCount "26"]
[EventDate "2018.08.10"]
[EventType "swiss"]
[EventRounds "9"]
[EventCountry "ESP"]
[SourceTitle "Ajedrez en Madrid"]
[Source "lmi"]
[SourceDate "2018.08.10"]
[SourceVersion "1"]
[SourceVersionDate "2019.07.09"]
[SourceQuality "1"]

1. e4 d5 2. exd5 Nf6 3. d4 Nxd5 4. c4 Nb6 5. Nf3 Bg4 6. Be2 e6 7. c5 Nd5 8. Nc3
Be7 9. Qb3 O-O 10. Qxb7 Nd7 11. Nxd5 exd5 12. Qxd5 Be6 13. Qe5 Nxe5 1-0

[Event "2. Open Sant Adria de Besos 2018 - B"]
[Site "Sant Adria de Besos ESP"]
[Date "2018.08.11"]
[Round "2.4"]
[White "Ji, Pablo"]
[Black "Low, Ethan"]
[Result "1/2-1/2"]
[WhiteElo "1783"]
[BlackElo "1858"]
[PlyCount "72"]
[EventDate "2018.08.10"]
[EventType "swiss"]
[EventRounds "9"]
[EventCountry "ESP"]
[SourceTitle "Ajedrez en Madrid"]
[Source "lmi"]
[SourceDate "2018.08.10"]
[SourceVersion "1"]
[SourceVersionDate "2019.07.09"]
[SourceQuality "1"]

1. e4 c6 2. d4 d5 3. Nc3 dxe4 4. Nxe4 Bf5 5. Ng3 Bg6 6. h4 h6 7. Nf3 Nd7 8. Bd3
Bxd3 9. Qxd3 Ngf6 10. Be3 e6 11. O-O-O Bd6 12. Bd2 Qc7 13. Ne4 Nxe4 14. Qxe4
Nf6 15. Qe2 O-O-O 16. Rhe1 c5 17. dxc5 Qxc5 18. Be3 Qa5 19. Qc4+ Kb8 20. Rd3
Nd5 21. Kb1 Nxe3 22. fxe3 Bc7 23. Red1 Qb6 24. a3 Rd6 25. Rxd6 Bxd6 26. Rd3 Rc8
27. Qa4 Qc6 28. Qb3 Bg3 29. Rc3 Qd5 30. Rxc8+ Kxc8 31. Qc3+ Bc7 32. Qxg7 Qd1+
33. Ka2 Qxc2 34. Qxf7 Qc4+ 35. Kb1 Qd3+ 36. Ka1 Qf1+ 1/2-1/2

[Event "2. Open Sant Adria de Besos 2018 - B"]
[Site "Sant Adria de Besos ESP"]
[Date "2018.08.11"]
[Round "2.6"]
[White "Molina Hernandez, Albert"]
[Black "Arroyo Vega, Valenti"]
[Result "0-1"]
[WhiteElo "1762"]
[BlackElo "1845"]
[PlyCount "68"]
[EventDate "2018.08.10"]
[EventType "swiss"]
[EventRounds "9"]
[EventCountry "ESP"]
[SourceTitle "Ajedrez en Madrid"]
[Source "lmi"]
[SourceDate "2018.08.10"]
[SourceVersion "1"]
[SourceVersionDate "2019.07.09"]
[SourceQuality "1"]

1. e4 c5 2. Nf3 Nc6 3. d4 cxd4 4. Nxd4 Qc7 5. Be3 e6 6. Be2 Nf6 7. Nd2 a6 8.
O-O Be7 9. a4 d5 10. Nxc6 bxc6 11. e5 Qxe5 12. Nb3 Qc7 13. c4 O-O 14. cxd5 exd5
15. Rc1 Be6 16. f4 Rfe8 17. f5 Bd7 18. Bf4 Qb6+ 19. Kh1 Ne4 20. Bg3 Nxg3+ 21.
hxg3 Reb8 22. Nd4 Bf6 23. Nc2 Qxb2 24. Ne1 Qe5 25. Nd3 Qxg3 26. Rf3 Qh4+ 27.
Rh3 Qd4 28. Qf1 Re8 29. Rg3 Re3 30. Rg4 Re4 31. Rxe4 Qxe4 32. Qf2 Bd4 33. Qf4
Be3 34. Qxe4 dxe4 0-1

[Event "2. Open Sant Adria de Besos 2018 - B"]
[Site "Sant Adria de Besos ESP"]
[Date "2018.08.11"]
[Round "2.7"]
[White "Vives Cabau, Jordi"]
[Black "Martinez Buendia, Andres"]
[Result "1/2-1/2"]
[WhiteElo "1845"]
[BlackElo "1769"]
[PlyCount "157"]
[EventDate "2018.08.10"]
[EventType "swiss"]
[EventRounds "9"]
[EventCountry "ESP"]
[SourceTitle "Ajedrez en Madrid"]
[Source "lmi"]
[SourceDate "2018.08.10"]
[SourceVersion "1"]
[SourceVersionDate "2019.07.09"]
[SourceQuality "1"]

1. b3 Nf6 2. f4 g6 3. Bb2 Bg7 4. e4 d6 5. Be2 Nc6 6. Nf3 O-O 7. d3 b5 8. Nfd2
e5 9. fxe5 dxe5 10. c3 b4 11. cxb4 Nxb4 12. Nc4 Ng4 13. a3 Nc6 14. Bxg4 Qh4+
15. g3 Qxg4 16. Qxg4 Bxg4 17. Ne3 Be6 18. Nd2 Bxb3 19. Rc1 Ba4 20. Nd5 Rab8 21.
Ba1 Nd4 22. Bxd4 exd4 23. Rxc7 Rb2 24. Rxa7 Ra2 25. Ke2 Bh6 26. Nf4 Rxa3 27.
Rb1 Bd1+ 28. Kxd1 Rxa7 29. Nc4 Ra2 30. Ne2 Rfa8 31. Rb7 Ra1+ 32. Kc2 R8a2+ 33.
Nb2 Be3 34. Kb3 Ra7 35. Rb5 Rh1 36. h4 Rh2 37. Nf4 Bxf4 38. gxf4 Rxh4 39. f5
gxf5 40. exf5 Kg7 41. Nc4 Rf4 42. Nd6 Re7 43. Kc4 f6 44. Rb8 h5 45. Ne8+ Rxe8
46. Rxe8 h4 47. Re1 Rg4 48. Kd5 Kh6 49. Ke6 Kg5 50. Rf1 Rg3 51. Kd5 Rxd3 52.
Ke4 Re3+ 53. Kxd4 Re5 54. Rg1+ Kxf5 55. Rf1+ Kg6 56. Rg1+ Kh5 57. Rf1 Kg6 58.
Rg1+ Rg5 59. Rh1 Rg4+ 60. Ke3 Kg5 61. Kf2 f5 62. Rh3 f4 63. Ra3 Rg3 64. Ra8 Kg4
65. Rg8+ Kf5 66. Rf8+ Ke5 67. Re8+ Kd6 68. Rf8 Ke5 69. Re8+ Kf5 70. Rf8+ Kg4
71. Rg8+ Kh3 72. Rf8 Rg2+ 73. Kf3 Rg1 74. Kf2 Kh2 75. Rxf4 h3 76. Rf3 Rg2+ 77.
Kf1 Rb2 78. Rf2+ Rxf2+ 79. Kxf2 1/2-1/2

[Event "2. Open Sant Adria de Besos 2018 - B"]
[Site "Sant Adria de Besos ESP"]
[Date "2018.08.11"]
[Round "2.8"]
[White "Donas Perez, Emilio"]
[Black "Terrones Hernandez, Jonathan"]
[Result "1/2-1/2"]
[WhiteElo "1747"]
[BlackElo "1841"]
[PlyCount "73"]
[EventDate "2018.08.10"]
[EventType "swiss"]
[EventRounds "9"]
[EventCountry "ESP"]
[SourceTitle "Ajedrez en Madrid"]
[Source "lmi"]
[SourceDate "2018.08.10"]
[SourceVersion "1"]
[SourceVersionDate "2019.07.09"]
[SourceQuality "1"]

1. d4 d5 2. Bf4 Nf6 3. e3 e6 4. Nf3 c5 5. c3 Be7 6. Nbd2 O-O 7. h3 b6 8. Bd3
Bb7 9. Ne5 Nbd7 10. O-O Ne4 11. Ndf3 Ndf6 12. Qe2 c4 13. Bc2 b5 14. a3 a5 15.
Ng5 Nxg5 16. Bxg5 Nd7 17. Bxe7 Qxe7 18. f4 Nxe5 19. fxe5 f6 20. Qh5 g6 21. Qh4
Kg7 22. exf6+ Rxf6 23. Qxf6+ Qxf6 24. Rxf6 Kxf6 25. Rf1+ Kg7 26. Rf2 Rf8 27.
Rxf8 Kxf8 28. Kf2 Kf7 29. Kf3 e5 30. h4 Bc6 31. g3 h6 32. Bd1 a4 33. Bc2 e4+
34. Kg2 Bd7 35. Bd1 Kf6 36. Kf2 h5 37. Be2 1/2-1/2

[Event "2. Open Sant Adria de Besos 2018 - B"]
[Site "Sant Adria de Besos ESP"]
[Date "2018.08.11"]
[Round "2.9"]
[White "Onyango, Adia"]
[Black "Castellon Baeza, Jose Felipe"]
[Result "1-0"]
[WhiteElo "1741"]
[BlackElo "1836"]
[PlyCount "51"]
[EventDate "2018.08.10"]
[EventType "swiss"]
[EventRounds "9"]
[EventCountry "ESP"]
[SourceTitle "Ajedrez en Madrid"]
[Source "lmi"]
[SourceDate "2018.08.10"]
[SourceVersion "1"]
[SourceVersionDate "2019.07.09"]
[SourceQuality "1"]

1. d4 e6 2. c4 Nf6 3. Nc3 Bb4 4. Qc2 O-O 5. a3 Bxc3+ 6. Qxc3 Ne4 7. Qc2 d5 8.
Nf3 b6 9. Bf4 c5 10. cxd5 exd5 11. e3 Ba6 12. Bxa6 Nxa6 13. O-O c4 14. Ne5 g5
15. Bg3 Nxg3 16. hxg3 Nc7 17. Qf5 Ne6 18. Ng4 h5 19. Nf6+ Kg7 20. Nxh5+ Kh6 21.
Nf6 Rh8 22. Nxd5 Kg7 23. Qe5+ Kg6 24. f4 Kh5 25. g4+ Kxg4 26. Nf6+ 1-0

[Event "2. Open Sant Adria de Besos 2018 - B"]
[Site "Sant Adria de Besos ESP"]
[Date "2018.08.11"]
[Round "2.10"]
[White "Bes Alvarez, Alex"]
[Black "Aleksanyan Israilyan, Nicolas"]
[Result "1-0"]
[WhiteElo "1834"]
[BlackElo "1441"]
[PlyCount "79"]
[EventDate "2018.08.10"]
[EventType "swiss"]
[EventRounds "9"]
[EventCountry "ESP"]
[SourceTitle "Ajedrez en Madrid"]
[Source "lmi"]
[SourceDate "2018.08.10"]
[SourceVersion "1"]
[SourceVersionDate "2019.07.09"]
[SourceQuality "1"]

1. d4 e6 2. Nf3 c5 3. c3 Nf6 4. g3 Nc6 5. Bg2 Be7 6. O-O O-O 7. Bg5 d6 8. Nbd2
cxd4 9. cxd4 Bd7 10. Rc1 h6 11. Bxf6 Bxf6 12. Nc4 d5 13. Nce5 Nxe5 14. dxe5 Be7
15. Qb3 Bc6 16. Nd4 Rc8 17. e4 Qd7 18. exd5 Bxd5 19. Bxd5 Qxd5 20. Qxd5 exd5
21. Nf5 Bc5 22. a3 a5 23. Rfd1 Kh7 24. Nd6 Bxd6 25. Rxc8 Rxc8 26. exd6 Rd8 27.
Rxd5 b6 28. f4 Kg6 29. f5+ Kf6 30. Kf2 g6 31. g4 g5 32. Ke3 Kg7 33. Kd4 f6 34.
Kc4 Kf7 35. Kb5 Rb8 36. d7 Ke7 37. Kc6 Kd8 38. Rd6 Ke7 39. Re6+ Kd8 40. Re8#
1-0

[Event "2. Open Sant Adria de Besos 2018 - B"]
[Site "Sant Adria de Besos ESP"]
[Date "2018.08.12"]
[Round "3.2"]
[White "Hill Guell, Pau"]
[Black "Onyango, Adia"]
[Result "1-0"]
[WhiteElo "1868"]
[BlackElo "1741"]
[PlyCount "83"]
[EventDate "2018.08.10"]
[EventType "swiss"]
[EventRounds "9"]
[EventCountry "ESP"]
[SourceTitle "Ajedrez en Madrid"]
[Source "lmi"]
[SourceDate "2018.08.10"]
[SourceVersion "1"]
[SourceVersionDate "2019.07.09"]
[SourceQuality "1"]

1. e4 c6 2. d4 d5 3. e5 c5 4. c3 Nc6 5. Nf3 Bg4 6. Be2 e6 7. Nbd2 Qb6 8. h3
Bxf3 9. Nxf3 cxd4 10. cxd4 Nge7 11. g4 Ng6 12. a3 Be7 13. h4 Rc8 14. h5 Nf8 15.
b4 Nd7 16. g5 f6 17. h6 fxe5 18. hxg7 Rg8 19. Rxh7 e4 20. Nh4 Nxd4 21. Bh5+ Kd8
22. Be3 Nc2+ 23. Qxc2 Qxe3+ 24. fxe3 Rxc2 25. Rh8 Bxg5 26. Rxg8+ Kc7 27. Rc8+
Kxc8 28. g8=Q+ Bd8 29. Kd1 Rc4 30. Rc1 Rxc1+ 31. Kxc1 Kc7 32. Ng2 Nf6 33. Qxe6
Nxh5 34. Qe5+ Kc6 35. Qxh5 Bb6 36. Qg6+ Kb5 37. Kb2 Kc4 38. Qe6 Kd3 39. Qxd5+
Ke2 40. Qxe4 Kf2 41. Nh4 Kg3 42. Qf4+ 1-0

[Event "2. Open Sant Adria de Besos 2018 - B"]
[Site "Sant Adria de Besos ESP"]
[Date "2018.08.12"]
[Round "3.4"]
[White "Arroyo Vega, Valenti"]
[Black "Toribio Ruiz, Ismael"]
[Result "1/2-1/2"]
[WhiteElo "1845"]
[BlackElo "1713"]
[PlyCount "41"]
[EventDate "2018.08.10"]
[EventType "swiss"]
[EventRounds "9"]
[EventCountry "ESP"]
[SourceTitle "Ajedrez en Madrid"]
[Source "lmi"]
[SourceDate "2018.08.10"]
[SourceVersion "1"]
[SourceVersionDate "2019.07.09"]
[SourceQuality "1"]

1. d4 d5 2. Bf4 Nf6 3. e3 Bf5 4. Nd2 e6 5. Ngf3 c5 6. c3 Nc6 7. Bb5 Nd7 8. O-O
Qb6 9. Qa4 a6 10. Bxc6 Qxc6 11. Qxc6 bxc6 12. dxc5 Bxc5 13. Ne5 Nxe5 14. Bxe5
f6 15. Bd4 Bd6 16. c4 c5 17. Bc3 Bd3 18. Rfd1 Be2 19. Re1 Bd3 20. Red1 Be2 21.
Re1 1/2-1/2

[Event "2. Open Sant Adria de Besos 2018 - B"]
[Site "Sant Adria de Besos ESP"]
[Date "2018.08.12"]
[Round "3.5"]
[White "Corominas Garrido, Antonio"]
[Black "Bes Alvarez, Alex"]
[Result "0-1"]
[WhiteElo "1789"]
[BlackElo "1834"]
[PlyCount "38"]
[EventDate "2018.08.10"]
[EventType "swiss"]
[EventRounds "9"]
[EventCountry "ESP"]
[SourceTitle "Ajedrez en Madrid"]
[Source "lmi"]
[SourceDate "2018.08.10"]
[SourceVersion "1"]
[SourceVersionDate "2019.07.09"]
[SourceQuality "1"]

1. c4 e5 2. Nc3 Nc6 3. g3 Bc5 4. Bg2 d6 5. d3 a6 6. Nf3 h6 7. O-O Nf6 8. a3 O-O
9. b4 Ba7 10. Bb2 Be6 11. Nd2 Qd7 12. Re1 Bh3 13. Bh1 Ng4 14. e3 f5 15. Nd5 f4
16. Bg2 Nxf2 17. Qe2 fxg3 18. hxg3 Bxg2 19. Kxg2 Qh3+ 0-1

[Event "2. Open Sant Adria de Besos 2018 - B"]
[Site "Sant Adria de Besos ESP"]
[Date "2018.08.12"]
[Round "3.7"]
[White "Martinez Buendia, Andres"]
[Black "Farre Buil, Carles"]
[Result "1-0"]
[WhiteElo "1769"]
[BlackElo "1827"]
[PlyCount "83"]
[EventDate "2018.08.10"]
[EventType "swiss"]
[EventRounds "9"]
[EventCountry "ESP"]
[SourceTitle "Ajedrez en Madrid"]
[Source "lmi"]
[SourceDate "2018.08.10"]
[SourceVersion "1"]
[SourceVersionDate "2019.07.09"]
[SourceQuality "1"]

1. e4 c5 2. Nf3 g6 3. d4 cxd4 4. Nxd4 Nc6 5. Be3 Bg7 6. Nc3 Nf6 7. f3 Qb6 8.
Na4 Qa5+ 9. c3 d6 10. b4 Qc7 11. Be2 O-O 12. O-O a6 13. Rc1 b5 14. Nxc6 Qxc6
15. Nb6 Rb8 16. Nd5 Qb7 17. c4 Be6 18. cxb5 Nxd5 19. exd5 Qxd5 20. Qxd5 Bxd5
21. b6 Bb7 22. Rc7 Bf6 23. a4 Rfc8 24. Rfc1 e6 25. a5 d5 26. b5 axb5 27. Bxb5
d4 28. a6 dxe3 29. axb7 Rd8 30. Be2 Be5 31. Rc8 Kf8 32. g3 Ke7 33. R8c7+ Ke8
34. f4 Bd6 35. Bb5+ Kf8 36. Kf1 e5 37. Bc4 exf4 38. Rxf7+ Ke8 39. Rxh7 Ba3 40.
Bb5+ Kf8 41. Rcc7 Kg8 42. Bc4+ 1-0

[Event "2. Open Sant Adria de Besos 2018 - B"]
[Site "Sant Adria de Besos ESP"]
[Date "2018.08.12"]
[Round "3.8"]
[White "Clanchet Olle, Josep"]
[Black "Ji, Pablo"]
[Result "1-0"]
[WhiteElo "1696"]
[BlackElo "1783"]
[PlyCount "67"]
[EventDate "2018.08.10"]
[EventType "swiss"]
[EventRounds "9"]
[EventCountry "ESP"]
[SourceTitle "Ajedrez en Madrid"]
[Source "lmi"]
[SourceDate "2018.08.10"]
[SourceVersion "1"]
[SourceVersionDate "2019.07.09"]
[SourceQuality "1"]

1. e4 c5 2. Nf3 d6 3. d4 cxd4 4. Qxd4 Nc6 5. Bb5 Bd7 6. Bxc6 Bxc6 7. Nc3 Nf6 8.
Bg5 h6 9. Bh4 g5 10. Bg3 Bg7 11. O-O-O Nh5 12. Qd3 Nxg3 13. hxg3 Qb6 14. Nd4 a5
15. Nd5 Bxd5 16. exd5 Bxd4 17. Qxd4 Qxd4 18. Rxd4 Rc8 19. Re1 Kd7 20. Rde4 Rhe8
21. c4 b5 22. b3 bxc4 23. bxc4 e6 24. Kd2 exd5 25. Rxe8 Rxe8 26. Rxe8 Kxe8 27.
cxd5 f5 28. Kc3 Ke7 29. f4 Kf6 30. Kc4 h5 31. Kb5 h4 32. gxh4 gxh4 33. Kc6 Ke7
34. a4 1-0

[Event "2. Open Sant Adria de Besos 2018 - B"]
[Site "Sant Adria de Besos ESP"]
[Date "2018.08.12"]
[Round "3.9"]
[White "Jimenez Molina, Victor"]
[Black "Hovakimyan, Narek"]
[Result "0-1"]
[WhiteElo "1654"]
[BlackElo "1851"]
[PlyCount "74"]
[EventDate "2018.08.10"]
[EventType "swiss"]
[EventRounds "9"]
[EventCountry "ESP"]
[SourceTitle "Ajedrez en Madrid"]
[Source "lmi"]
[SourceDate "2018.08.10"]
[SourceVersion "1"]
[SourceVersionDate "2019.07.09"]
[SourceQuality "1"]

1. e4 c6 2. c4 d5 3. exd5 cxd5 4. d4 Nf6 5. Nc3 e6 6. Nf3 Be7 7. Bf4 a6 8. Be2
O-O 9. O-O dxc4 10. Bxc4 b5 11. Bd3 Bb7 12. Re1 Nc6 13. Rc1 Rc8 14. Be5 Nb4 15.
Bb1 Nfd5 16. a3 Nxc3 17. Rxc3 Nd5 18. Qd3 g6 19. Rxc8 Qxc8 20. Qd2 f6 21. Rc1
Qd7 22. Bg3 Rc8 23. Rxc8+ Qxc8 24. h3 Nb6 25. Nh4 Qc6 26. f3 Nc4 27. Qe1 Qd7
28. f4 Qxd4+ 29. Bf2 Qd5 30. Qe2 Nd2 31. Bd3 Ne4 32. Be1 Bc5+ 33. Kh2 Bd6 34.
Nf3 Bc6 35. Qxe4 Qxe4 36. Bxe4 Bxe4 37. Nd2 Bxf4+ 0-1

[Event "2. Open Sant Adria de Besos 2018 - B"]
[Site "Sant Adria de Besos ESP"]
[Date "2018.08.12"]
[Round "3.10"]
[White "Olenitsa, Igor"]
[Black "Bieg Pagel, Clemens"]
[Result "1-0"]
[WhiteElo "1620"]
[BlackElo "1841"]
[PlyCount "89"]
[EventDate "2018.08.10"]
[EventType "swiss"]
[EventRounds "9"]
[EventCountry "ESP"]
[SourceTitle "Ajedrez en Madrid"]
[Source "lmi"]
[SourceDate "2018.08.10"]
[SourceVersion "1"]
[SourceVersionDate "2019.07.09"]
[SourceQuality "1"]

1. e4 c5 2. Nf3 Nc6 3. b3 d6 4. Bb2 Nf6 5. e5 dxe5 6. Nxe5 Nxe5 7. Bxe5 Qd5 8.
Bb2 a6 9. Qf3 Qxf3 10. gxf3 Bf5 11. c4 O-O-O 12. Nc3 e6 13. O-O-O Be7 14. Na4
Nh5 15. Rg1 Bd6 16. h4 f6 17. Ba3 Kc7 18. Bxc5 Kc6 19. b4 b5 20. cxb5+ axb5 21.
Nc3 Bxc5 22. Bxb5+ Kb6 23. bxc5+ Kxc5 24. Kb2 Rd4 25. a4 Rhd8 26. Ka3 Rxh4 27.
Ne2 Kb6 28. d4 Rh2 29. Rh1 Rxh1 30. Rxh1 Bg6 31. Rc1 e5 32. Rc6+ Kb7 33. dxe5
fxe5 34. a5 Be8 35. Rb6+ Kc7 36. Nc3 Nf4 37. Bxe8 Rxe8 38. Nb5+ Kd7 39. a6 Ra8
40. Ka4 Kc8 41. Ka5 Nd5 42. Rc6+ Kb8 43. Rd6 Ne7 44. Rd8+ Nc8 45. Rd7 1-0

[Event "2. Open Sant Adria de Besos 2018 - B"]
[Site "Sant Adria de Besos ESP"]
[Date "2018.08.12"]
[Round "4.1"]
[White "Bes Alvarez, Alex"]
[Black "Hill Guell, Pau"]
[Result "0-1"]
[WhiteElo "1834"]
[BlackElo "1868"]
[PlyCount "82"]
[EventDate "2018.08.10"]
[EventType "swiss"]
[EventRounds "9"]
[EventCountry "ESP"]
[SourceTitle "Ajedrez en Madrid"]
[Source "lmi"]
[SourceDate "2018.08.10"]
[SourceVersion "1"]
[SourceVersionDate "2019.07.09"]
[SourceQuality "1"]

1. d4 Nf6 2. Bg5 h6 3. Bxf6 exf6 4. e3 d5 5. g3 Bf5 6. Nd2 c6 7. Bg2 Qd7 8. Ne2
Bd6 9. c4 Na6 10. cxd5 cxd5 11. O-O Bh3 12. Bxh3 Qxh3 13. Qb3 Bb4 14. Nf4 Qd7
15. Nf3 Rd8 16. a3 Ba5 17. Ne1 h5 18. a4 g5 19. Nfd3 h4 20. Qb5 hxg3 21. fxg3
Ke7 22. Qxd7+ Rxd7 23. Rc1 Bd2 24. Rc2 Bxe3+ 25. Kg2 Bxd4 26. Re2+ Kd6 27. Nc2
Be5 28. Nxe5 fxe5 29. Rf6+ Ke7 30. Rf5 f6 31. Ne3 Nc5 32. Ng4 Rd6 33. Rc2 Ne4
34. Rc7+ Ke6 35. Rf1 Rb6 36. Rc2 Rc6 37. Re2 Rhc8 38. Ne3 Nd6 39. Rff2 Ne4 40.
Rf1 d4 41. Ng4 Rc2 0-1

[Event "2. Open Sant Adria de Besos 2018 - B"]
[Site "Sant Adria de Besos ESP"]
[Date "2018.08.12"]
[Round "4.2"]
[White "Palomares Fite, Jordi"]
[Black "Martinez Buendia, Andres"]
[Result "0-1"]
[WhiteElo "1882"]
[BlackElo "1769"]
[PlyCount "60"]
[EventDate "2018.08.10"]
[EventType "swiss"]
[EventRounds "9"]
[EventCountry "ESP"]
[SourceTitle "Ajedrez en Madrid"]
[Source "lmi"]
[SourceDate "2018.08.10"]
[SourceVersion "1"]
[SourceVersionDate "2019.07.09"]
[SourceQuality "1"]

1. Nf3 Nf6 2. g3 g6 3. Bg2 Bg7 4. O-O O-O 5. d3 d5 6. Nbd2 Nbd7 7. e4 c5 8. Re1
Qc7 9. e5 Ng4 10. e6 fxe6 11. Ng5 Nxf2 12. Nxe6 Nxd1 13. Nxc7 Bd4+ 14. Kh1 Nf2+
15. Kg1 Nxd3+ 16. Kh1 Nxe1 17. Bxd5+ Kh8 18. Nxa8 Nxc2 19. Rb1 Be5 20. Nc4 Nf6
21. Nxe5 Nxd5 22. Bh6 Re8 23. Rf1 Bf5 24. g4 Be4+ 25. Kg1 Rxa8 26. Nf7+ Kg8 27.
Ng5 Nf6 28. Nxe4 Nxe4 29. Rc1 Nd4 30. Re1 Nf3+ 0-1